000 01338nam a2200361 i 4500
001 12249
003 KOSZ 005
005 20191023145228.0
008 080123s1967 pl a f 000 0 pol
015 _aPB 1967/5667
040 _aWA N
_cWA N
_dKOSZ 005/RW
_dKOSZ 005/HR
041 1 _apol
_hrus
046 _k1967
080 _a621.385
100 1 _aNosov, Ûrij Romanovič
_d(1931- ).
_eAutor
245 1 0 _aPółprzewodnikowe diody impulsowe /
_cJ. R. Nosow ; tł. Michał Korwin-Pawłowski, Jerzy Pułtorak, Ireneusz Wójcik.
246 1 _iTyt. oryg. :
_aPoluprovodnikovye impul'snye diody.
260 _aWarszawa :
_bWydawnictwa Naukowo-Techniczne,
_c1967.
300 _a207, [1] s. :
_bil. ;
_c23 cm.
380 _aKsiążki.
388 _a1901-2000
504 _aBibliogr. s. 203-[208].
521 8 _aDla inżynierów i studentów.
658 _aInżynieria i technika
650 4 _aPółprzewodniki
650 4 _aDiody
700 1 _aKorwin-Pawłowski, Michał.
_eTłumaczenie
700 1 _aPułtorak, Jerzy
_d(1932- ).
_eTłumaczenie
710 2 _aWydawnictwa Naukowo-Techniczne
_4pbl.
700 1 _aWójcik, Ireneusz
_eTłumaczenie
856 _uhttp://koha.tu.koszalin.pl/cgi-bin/koha/opac-detail.pl?biblionumber=12249
_yKatalog online BPK
942 _2UKD
_cKS
999 _c12249
_d12249